| 000 | 00581nam a2200157 i 4500 | ||
|---|---|---|---|
| 001 | 82415 | ||
| 003 | ES-MaACL | ||
| 005 | 20230906174653.0 | ||
| 007 | t| | ||
| 008 | 041110s1909 sp ||||1| spa d | ||
| 245 | 0 | 0 | _aInformación pública efectuada en 1906 por la Comisión de Estudio de la riqueza hullera nacional. |
| 300 |
_aXX, 263 p. ; _c27 cm. |
||
| 500 | _aPrecede al tít.: Ministerio de Fomento. Dirección General de Agricultura, Industria y Comercio. | ||
| 710 | 1 |
_aEspaña. _bDirección General de Agricultura, Industria y Comercio. _93869 |
|
| 852 |
_aES-MaACL _jF-734 |
||
| 999 |
_c82415 _d82415 |
||